Т. 62, № 4; Радиохимия

Detalles Bibliográficos
Parent link:Радиохимия: научный журнал/ Российская академия наук ; Радиевый институт им. В. Г. Хлопина. Т. 62, № 4.— , 1960-
Lenguaje:ruso
Publicado: 2020
Acceso en línea:https://sciencejournals.ru/view-issue/?j=radkhim&y=2020&v=62&n=4
https://elibrary.ru/contents.asp?id=43102317
Formato: Electrónico Libro
KOHA link:https://koha.lib.tpu.ru/cgi-bin/koha/opac-detail.pl?biblionumber=587219

MARC

LEADER 00000nam2a2200000 4500
001 587219
005 20231101131437.0
035 |a (RuTPU)RU\TPU\prd\289846 
035 |a RU\TPU\prd\288015 
090 |a 587219 
100 |a 20220330a19599999k y0rusy50 ca 
101 0 |a rus 
102 |a RU 
181 0 |a i  
182 0 |a b 
200 0 |a Т. 62, № 4  |b Электронный ресурс 
203 |a Текст  |c электронный 
210 |d 2020 
461 1 |0 (RuTPU)RU\TPU\prd\1708  |t Радиохимия  |o научный журнал  |f Российская академия наук ; Радиевый институт им. В. Г. Хлопина  |v Т. 62, № 4  |d 1960- 
801 0 |a RU  |b 63413507  |c 20010227  |g PSBO 
801 1 |a RU  |b 63413507  |c 20200817 
801 2 |a RU  |b 63413507  |c 20230615  |g RCR 
856 4 0 |u https://sciencejournals.ru/view-issue/?j=radkhim&y=2020&v=62&n=4 
856 4 0 |u https://elibrary.ru/contents.asp?id=43102317 
942 |c BK 
999 |a НТБ_ТПУ  |b НФ  |e -1/20200109  |p П-6650  |s 3/20200629  |u 0,00  |v 1